| 000 | 00984pam a2200265 a 4500 | ||
|---|---|---|---|
| 999 |
_c8705 _d8705 |
||
| 001 | 2961154 | ||
| 003 | GBCCL | ||
| 005 | 20241126110656.0 | ||
| 008 | 910816s1991 ilua b 001 0 eng | ||
| 010 | _a 91031967 | ||
| 020 | _a0830812725 (alk. paper) | ||
| 020 | _z0830812723 (alk. paper) | ||
| 040 |
_aDLC _cDLC _dDLC |
||
| 050 | 0 | 0 |
_aBS476 _b.O79 1991 |
| 082 | 0 | 0 |
_a220.601 _220 _bOSB |
| 100 | 1 |
_aOsborne, Grant R. _915228 |
|
| 245 | 1 | 4 |
_aThe hermeneutical spiral : _ba comprehensive introduction to biblical interpretation / _cGrant R. Osborne. |
| 260 |
_aDowners Grove, Ill. : _bInterVarsity Press, _cc1991. |
||
| 300 |
_a499 p. : _bill. ; _c24 cm. |
||
| 504 | _aIncludes bibliographical references (p. [436]-480) and indexes. | ||
| 630 | 0 | 0 |
_aBible _xHermeneutics. _91790 |
| 906 |
_a7 _bcbc _corignew _d1 _eocip _f19 _gy-gencatlg |
||
| 942 |
_2ddc _cBK _03 |
||